000 00405nam a22001697a 4500
005 20160627152038.0
008 160627b xxu||||| |||| 00| 0 eng d
020 _a978-81-203-3703-9
041 _aeng
082 _b10655
100 _aKondalkar, V.G.
_92962
245 _aOrganization Effectiveners and Change Management
260 _bPHI
300 _a439
650 _aManagement
_9241
942 _cBK
999 _c4286
_d4285